Obras jurídicas
Պահպանված է:
| Հիմնական հեղինակ: | |
|---|---|
| Ձևաչափ: | Գիրք |
| Լեզու: | իսպաներեն |
| Հրապարակվել է: |
Santiago, Chile
Imprenta Gutenberg
1891
|
| Շարք: | Biblioteca de la Revista Forense Chilena
vol. II |
| Խորագրեր: | |
| Առցանց հասանելիություն: | Acceso texto completo |
| Ցուցիչներ: |
Ավելացրեք ցուցիչ
Չկան պիտակներ, Եղեք առաջինը, ով նշում է այս գրառումը!
|
MARC
| LEADER | 00000nam a2200000 a 4500 | ||
|---|---|---|---|
| 001 | UCR1247 | ||
| 003 | CL-VaPUC | ||
| 005 | 20240819132150.0 | ||
| 008 | 971212e18910000CL |||||||||||||||||spa|d | ||
| 999 | |c 264722 |d 264720 | ||
| 040 | |c Pontificia Universidad Católica de Valparaíso | ||
| 082 | 0 | 4 | |a 340.02 AGU 1981 |2 21 |
| 100 | 0 | |a Aguirre Vargas, Carlos |e author |9 398273 | |
| 245 | 1 | 0 | |a Obras jurídicas |
| 260 | |a Santiago, Chile |b Imprenta Gutenberg |c 1891 | ||
| 300 | |a 464 páginas | ||
| 440 | |a Biblioteca de la Revista Forense Chilena |v vol. II |9 857196 | ||
| 583 | |a last modification |c 19971212 00:00:00 |k Rodrigo Vera | ||
| 650 | 7 | |a DERECHO CHILENO |2 CL-VaPUC |9 398274 | |
| 650 | 0 | |a Propiedad |9 255268 | |
| 650 | 0 | |a Bienes |9 255749 | |
| 650 | 7 | |a MATRIMONIO |2 CL-VaPUC |9 398275 | |
| 650 | 0 | |a Derecho civil |9 255013 | |
| 650 | 0 | |a Asignación familiar |9 344930 | |
| 650 | 0 | |a Código civil |9 256135 | |
| 650 | 0 | |a Bienes |9 255749 | |
| 650 | 0 | |a Posesión |9 258681 | |
| 650 | 0 | |a Jurisprudencia |9 255952 | |
| 852 | |a BIBCUR | ||
| 856 | |u http://opac.pucv.cl/pucv_txt/Txt-1000/UCR1247_01.pdf |z Acceso texto completo | ||
| 942 | |c BK |2 ddc | ||
| 945 | |d 19971212 00:00:00 |a cmena | ||
| 952 | |0 0 |1 0 |2 ddc |4 0 |5 1 |6 340_020000000000000_AGU_1891 |7 1 |8 C_LRYV |9 295125 |a FDOBRV |b BIBDER |d 2019-11-19 |i 1921258 |o 340.02 AGU 1891 |p 1921258 |r 2023-01-25 |w 2019-11-19 |y BK_X |k BRV | ||